LDR 00699naa#a2200181#i#450# 001 EN\\bibl\125694 005 20260704100138.6 011 ## _a2782-5957 100 ## _a20260630b2026####ek#y0engy0150####ca 102 ## _aRU 200 1# _aMODERN METHODS FOR DIAGNOSING THE TECHNICAL CONDITION OF GASOLINE INTERNAL COMBUSTION ENGINES BASED ON EXHAUST GAS ANALYSIS _eJournal article 210 1# _aBryansk _cBryansk State Technical University _d2026 215 ## _a13 с. 608 ## _aJournal article _2local 675 ## _aАвтомобили. Автомобильный транспорт. 629.331 _z 686 ## _aАвтодорожный транспорт. 393 _2bbk 700 #1 _aTarabrin _gPavel Vital'evich 856 4# _azh-szf.ru _u